Electronic devices and circuit theory (Record no. 68238)

000 -LEADER
fixed length control field 00503nam a22001937a 4500
003 - CONTROL NUMBER IDENTIFIER
control field NUST - PNEC
005 - DATE AND TIME OF LATEST TRANSACTION
control field 20170116181045.0
008 - FIXED-LENGTH DATA ELEMENTS--GENERAL INFORMATION
fixed length control field 150924b xxu||||| |||| 00| 0 eng d
020 ## - INTERNATIONAL STANDARD BOOK NUMBER
International Standard Book Number 8177581589
020 ## - INTERNATIONAL STANDARD BOOK NUMBER
International Standard Book Number 0131189050
040 ## - CATALOGING SOURCE
Transcribing agency LIBRARY
082 ## - DEWEY DECIMAL CLASSIFICATION NUMBER
Edition number 621.3815 BOY
100 ## - MAIN ENTRY--PERSONAL NAME
9 (RLIN) 11712
Personal name Boylestad, Robert L.
245 ## - TITLE STATEMENT
Title Electronic devices and circuit theory
Statement of responsibility, etc. Robert L. Boylestad
250 ## - EDITION STATEMENT
Edition statement 9th ed.
260 ## - PUBLICATION, DISTRIBUTION, ETC.
Place of publication, distribution, etc. c.2006
650 ## - SUBJECT ADDED ENTRY--TOPICAL TERM
9 (RLIN) 11713
Topical term or geographic name entry element Electronic circuits
General subdivision ME
942 ## - ADDED ENTRY ELEMENTS (KOHA)
Source of classification or shelving scheme
Koha item type Book
Holdings
Withdrawn status Lost status Source of classification or shelving scheme Damaged status Not for loan Permanent Location Current Location Shelving location Date acquired Total Checkouts Full call number Barcode Date last seen Price effective from Koha item type
          Pakistan Navy Engineering College (PNEC) Pakistan Navy Engineering College (PNEC)       621.3815 BOY PNECLIB-028873 09/24/2015   Book
© 2023 Central Library, National University of Sciences and Technology. All Rights Reserved.